[Event "24. Aberto Xadrez Albariño"]
[Site "Cambados ESP"]
[Date "2008.08.01"]
[Round "1.1"]
[White "Manolache, Marius"]
[Black "Chesa Chavarria, Aurelio"]
[Result "1-0"]
[WhiteElo "2521"]
[BlackElo "1919"]
[PlyCount "49"]
[EventDate "2008.08.01"]
[EventType "swiss"]
[EventRounds "9"]
[EventCountry "ESP"]
[Source "lmi"]
[SourceDate "2008.08.01"]

1. d4 Nf6 2. Bg5 h6 3. Bxf6 exf6 4. e3 d5 5. g3 c5 6. dxc5 Bxc5 7. c3 Qb6 8.
Qb3 O-O 9. Ne2 Nc6 10. Qxb6 Bxb6 11. Nf4 Be6 12. Bg2 Rad8 13. Na3 g6 14. O-O-O
Ne7 15. Nc2 Rd6 16. h4 Rfd8 17. Rd2 g5 18. Ne2 d4 19. Ncxd4 Nc6 20. hxg5 hxg5
21. b3 Kg7 22. Be4 Nxd4 23. Nxd4 Bxd4 24. Rxd4 Bd5 25. Rhd1 1-0

[Event "24. Aberto Xadrez Albariño"]
[Site "Cambados ESP"]
[Date "2008.08.01"]
[Round "1.2"]
[White "Minguela Muñoz, Bienvenido"]
[Black "Rusev, Krasimir"]
[Result "0-1"]
[WhiteElo "1917"]
[BlackElo "2508"]
[PlyCount "96"]
[EventDate "2008.08.01"]
[EventType "swiss"]
[EventRounds "9"]
[EventCountry "ESP"]
[Source "lmi"]
[SourceDate "2008.08.01"]

1. Nf3 d5 2. d4 Nf6 3. c4 e6 4. Nc3 dxc4 5. e4 Bb4 6. Qc2 b5 7. Bg5 h6 8. Bh4
g5 9. Bg3 Bb7 10. O-O-O Bxc3 11. Qxc3 Nxe4 12. Qa5 c6 13. Qxd8+ Kxd8 14. Ne5
Ke7 15. Be2 Nd7 16. Nf3 Nxg3 17. hxg3 c5 18. Rh2 a6 19. Rdh1 g4 20. Ne5 cxd4
21. Nxg4 d3 22. Bf3 Bxf3 23. gxf3 h5 24. Rxh5 Rxh5 25. Rxh5 Rc8 26. Kd2 Nc5 27.
Ne3 a5 28. g4 Kd6 29. g5 Na4 30. g6 f5 31. g7 Rg8 32. b3 cxb3 33. axb3 Nc5 34.
Rg5 Ke7 35. Rg1 Kf6 36. Kc3 Rxg7 37. Rxg7 Kxg7 38. b4 Na4+ 39. Kxd3 axb4 40.
Nc2 b3 41. Nd4 Nc5+ 42. Kc3 b4+ 43. Kb2 Kg6 44. Ne2 Kg5 45. Kb1 e5 46. Kb2 f4
47. Nc1 Kh4 48. Ne2 Kh3 0-1

[Event "24. Aberto Xadrez Albariño"]
[Site "Cambados ESP"]
[Date "2008.08.01"]
[Round "1.3"]
[White "Starostits, Ilmars"]
[Black "Outeiro Padin, Heladio"]
[Result "1-0"]
[WhiteElo "2497"]
[BlackElo "1916"]
[PlyCount "89"]
[EventDate "2008.08.01"]
[EventType "swiss"]
[EventRounds "9"]
[EventCountry "ESP"]
[Source "lmi"]
[SourceDate "2008.08.01"]

1. e4 e6 2. d4 d5 3. Nc3 Bb4 4. e5 c5 5. a3 Ba5 6. b4 cxd4 7. Qg4 Kf8 8. Nb5
Bc7 9. Nf3 Nc6 10. Bg5 Nge7 11. Nxc7 Qxc7 12. Bxe7+ Qxe7 13. b5 Qc5 14. Bd3
Qc3+ 15. Ke2 Na5 16. Qxd4 Qxd4 17. Nxd4 Bd7 18. f4 Rc8 19. Rhb1 Ke7 20. Rb4 Rc3
21. Kd2 Rhc8 22. Nc6+ Nxc6 23. bxc6 R3xc6 24. Rxb7 R6c7 25. Rab1 Ba4 26. R1b4
Bd7 27. h4 h6 28. g3 a6 29. Rxc7 Rxc7 30. Bxa6 Ra7 31. Rb6 Kd8 32. Rd6 Kc7 33.
g4 f6 34. g5 Bc6 35. Bd3 Bd7 36. exf6 gxf6 37. Ra6 Rxa6 38. Bxa6 fxg5 39. fxg5
hxg5 40. h5 e5 41. Bb5 Bg4 42. Be8 Kd8 43. h6 Bf5 44. Bf7 Bh7 45. Bxd5 1-0

[Event "24. Aberto Xadrez Albariño"]
[Site "Cambados ESP"]
[Date "2008.08.01"]
[Round "1.4"]
[White "Guijarro Arca, Basilio"]
[Black "Filip, Lucian"]
[Result "0-1"]
[WhiteElo "1915"]
[BlackElo "2461"]
[PlyCount "60"]
[EventDate "2008.08.01"]
[EventType "swiss"]
[EventRounds "9"]
[EventCountry "ESP"]
[Source "lmi"]
[SourceDate "2008.08.01"]

1. e4 c5 2. Nf3 e6 3. d4 cxd4 4. Nxd4 Nc6 5. Be3 Nf6 6. Nc3 Qc7 7. Be2 a6 8.
O-O Bb4 9. f3 O-O 10. a3 Bxc3 11. bxc3 Ne5 12. Qe1 d5 13. f4 Nc4 14. Bxc4 Qxc4
15. exd5 exd5 16. f5 Re8 17. Rf3 Bd7 18. Rd1 Qc7 19. Qh4 Re4 20. Bf4 Qb6 21.
Kh1 Rae8 22. h3 Kh8 23. Qg5 Re1+ 24. Rf1 Rxd1 25. Rxd1 Ne4 26. Qh4 Bxf5 27.
Nxf5 Nf2+ 28. Kh2 Nxd1 29. Nh6 gxh6 30. Qh5 Qf6 0-1

[Event "24. Aberto Xadrez Albariño"]
[Site "Cambados ESP"]
[Date "2008.08.01"]
[Round "1.5"]
[White "Dimitrov, Vladimir"]
[Black "Galard Agustin, Tomas E"]
[Result "0-1"]
[WhiteElo "2450"]
[BlackElo "1905"]
[PlyCount "64"]
[EventDate "2008.08.01"]
[EventType "swiss"]
[EventRounds "9"]
[EventCountry "ESP"]
[Source "lmi"]
[SourceDate "2008.08.01"]

1. e4 e6 2. d4 d5 3. Nd2 Nf6 4. e5 Nfd7 5. c3 c5 6. f4 cxd4 7. cxd4 Nc6 8. Ndf3
Qb6 9. a3 Be7 10. h4 Na5 11. b4 Nc4 12. Bd3 a5 13. bxa5 Qxa5+ 14. Kf2 b5 15.
Ne2 Ba6 16. f5 Qb6 17. Kg3 O-O-O 18. Nf4 Rdg8 19. Bd2 g5 20. fxg6 hxg6 21. Bb4
Bxh4+ 22. Rxh4 g5 23. Rxh8 gxf4+ 24. Kxf4 Rxh8 25. Bxc4 dxc4 26. g4 Bb7 27. Kg3
Qc6 28. a4 f5 29. gxf5 exf5 30. Ra3 Qe4 31. axb5 Qg4+ 32. Kf2 Rh3 0-1

[Event "24. Aberto Xadrez Albariño"]
[Site "Cambados ESP"]
[Date "2008.08.01"]
[Round "1.6"]
[White "Bouza-Brey Teijeiro, Gonzalo"]
[Black "Petkov, Vladimir"]
[Result "0-1"]
[WhiteElo "1904"]
[BlackElo "2423"]
[PlyCount "44"]
[EventDate "2008.08.01"]
[EventType "swiss"]
[EventRounds "9"]
[EventCountry "ESP"]
[Source "lmi"]
[SourceDate "2008.08.01"]

1. e4 e5 2. Nf3 Nc6 3. Bc4 Nf6 4. Ng5 d5 5. exd5 b5 6. Bf1 h6 7. Nxf7 Kxf7 8.
dxc6 Bc5 9. Bxb5 Ng4 10. O-O Qh4 11. Qf3+ Ke7 12. Qg3 Qxg3 13. hxg3 Nxf2 14. b4
Bb6 15. Nc3 Ng4+ 16. Kh1 Be6 17. Na4 Bf2 18. Bb2 Raf8 19. Be2 h5 20. b5 h4 21.
Bxg4 hxg3+ 22. Bh3 Rxh3+ 0-1

[Event "24. Aberto Xadrez Albariño"]
[Site "Cambados ESP"]
[Date "2008.08.01"]
[Round "1.7"]
[White "Ivanov, Jordan"]
[Black "Prado Garcia, Alejandro"]
[Result "1-0"]
[WhiteElo "2421"]
[BlackElo "1885"]
[PlyCount "45"]
[EventDate "2008.08.01"]
[EventType "swiss"]
[EventRounds "9"]
[EventCountry "ESP"]
[Source "lmi"]
[SourceDate "2008.08.01"]

1. Nf3 Nf6 2. c4 c5 3. Nc3 Nc6 4. e3 d6 5. Be2 Bd7 6. d4 cxd4 7. exd4 a6 8. O-O
e6 9. d5 exd5 10. cxd5 Ne5 11. Re1 Be7 12. Nxe5 dxe5 13. d6 Bf8 14. Bf3 Qb6 15.
Rxe5+ Kd8 16. Bg5 Qxb2 17. Re3 h6 18. Rb1 Qa3 19. Ne4 Qa5 20. Nxf6 hxg5 21.
Nxd7 Kxd7 22. Rxb7+ Kd8 23. Bc6 1-0

[Event "24. Aberto Xadrez Albariño"]
[Site "Cambados ESP"]
[Date "2008.08.01"]
[Round "1.8"]
[White "Buil Montanes, Carlos"]
[Black "Ortiz Suarez, Isam"]
[Result "0-1"]
[WhiteElo "1882"]
[BlackElo "2392"]
[PlyCount "64"]
[EventDate "2008.08.01"]
[EventType "swiss"]
[EventRounds "9"]
[EventCountry "ESP"]
[Source "lmi"]
[SourceDate "2008.08.01"]

1. c4 c5 2. Nf3 Nc6 3. g3 e5 4. Nc3 Nf6 5. d3 d5 6. cxd5 Nxd5 7. Bg2 Nc7 8. O-O
Be7 9. Ne1 O-O 10. Nc2 Be6 11. f4 exf4 12. Bxf4 Nd5 13. Nxd5 Bxd5 14. Bxd5 Qxd5
15. e4 Qd7 16. Qe2 Bf6 17. Rab1 Rad8 18. Rfd1 Rfe8 19. a3 Nd4 20. Nxd4 Bxd4+
21. Be3 f5 22. Bxd4 Qxd4+ 23. Kg2 Qe5 24. Re1 Rd4 25. Qf3 fxe4 26. dxe4 Rxe4
27. Rf1 Re2+ 28. Kg1 h6 29. Qxb7 Qd4+ 30. Kh1 Qd2 31. Qf3 Rxh2+ 32. Kg1 Rhe2
0-1

[Event "24. Aberto Xadrez Albariño"]
[Site "Cambados ESP"]
[Date "2008.08.01"]
[Round "1.9"]
[White "Garcia Castro, Pablo"]
[Black "Campelo Bermudez, Javier"]
[Result "1-0"]
[WhiteElo "2390"]
[BlackElo "1870"]
[PlyCount "123"]
[EventDate "2008.08.01"]
[EventType "swiss"]
[EventRounds "9"]
[EventCountry "ESP"]
[Source "lmi"]
[SourceDate "2008.08.01"]

1. g3 g6 2. Bg2 Bg7 3. Nf3 Nf6 4. d3 d6 5. e4 e5 6. h3 O-O 7. O-O Be6 8. Be3
Qd7 9. Ng5 Nc6 10. c3 d5 11. Nxe6 Qxe6 12. Bc5 Rfe8 13. Qb3 Na5 14. Qa4 b6 15.
exd5 Qd7 16. Qxd7 Nxd7 17. Ba3 Rab8 18. Nd2 Nb7 19. Ne4 Nf6 20. Nxf6+ Bxf6 21.
Rae1 Nd6 22. Re2 Nb5 23. Bb4 a5 24. a4 Nd6 25. Ba3 Bg7 26. Rfe1 h6 27. g4 g5
28. Be4 Bf8 29. Kg2 Kg7 30. Rh1 Nxe4 31. Bxf8+ Kxf8 32. Rxe4 Rbd8 33. c4 c6 34.
dxc6 Rxd3 35. h4 f6 36. hxg5 hxg5 37. Rh7 Rd6 38. c7 Kg8 39. Re7 Rc8 40. Re3
Rc6 41. Rd3 R6xc7 42. Rxc7 Rxc7 43. b3 Rc6 44. Rd7 Kf8 45. Kf3 Ke8 46. Rb7 Rd6
47. Ke4 Rd4+ 48. Kf5 Rf4+ 49. Ke6 Kd8 50. Kd6 Kc8 51. Kc6 Rxf2 52. Kxb6 e4 53.
Re7 Rf4 54. c5 Rf3 55. b4 Kd8 56. Rxe4 axb4 57. c6 Rc3 58. Rxb4 Kc8 59. a5 Ra3
60. a6 Ra1 61. a7 Ra2 62. Rb5 1-0

[Event "24. Aberto Xadrez Albariño"]
[Site "Cambados ESP"]
[Date "2008.08.01"]
[Round "1.10"]
[White "Maria Lopez, Jorge Luis"]
[Black "Ramiro Ovejero, Juan Luis"]
[Result "0-1"]
[WhiteElo "1846"]
[BlackElo "2370"]
[PlyCount "60"]
[EventDate "2008.08.01"]
[EventType "swiss"]
[EventRounds "9"]
[EventCountry "ESP"]
[Source "lmi"]
[SourceDate "2008.08.01"]

1. c4 e5 2. g3 Nf6 3. Bg2 c6 4. d4 e4 5. Nc3 Bb4 6. a3 Bxc3+ 7. bxc3 d5 8. cxd5
cxd5 9. e3 Nc6 10. Ne2 Bf5 11. a4 Na5 12. Ba3 Nc4 13. Qb3 b6 14. Ra2 Qd7 15. h4
Bg4 16. Nf4 Bf3 17. Bh3 Qc6 18. Rg1 h6 19. Qb4 Nxa3 20. Rxa3 a5 21. Qb2 O-O 22.
g4 g5 23. hxg5 hxg5 24. Nh5 Nxh5 25. gxh5 Kh8 26. Rxg5 Rg8 27. Rxg8+ Rxg8 28.
Qb5 Qd6 29. Rb3 Qh2 30. Qxb6 Rg1+ 0-1

[Event "24. Aberto Xadrez Albariño"]
[Site "Cambados ESP"]
[Date "2008.08.01"]
[Round "1.11"]
[White "Astaneh Lopez, Alex"]
[Black "Alonso Gonzalez, Fernando"]
[Result "1-0"]
[WhiteElo "2357"]
[BlackElo "1836"]
[PlyCount "53"]
[EventDate "2008.08.01"]
[EventType "swiss"]
[EventRounds "9"]
[EventCountry "ESP"]
[Source "lmi"]
[SourceDate "2008.08.01"]

1. e4 e5 2. Nf3 Nc6 3. Bb5 Nf6 4. O-O d6 5. d4 exd4 6. Nxd4 Bd7 7. Nc3 a6 8.
Nxc6 bxc6 9. Bd3 Be7 10. h3 O-O 11. f4 h6 12. Qf3 Nh7 13. Kh1 Rb8 14. Bxa6 Bf6
15. Bc4 Rb4 16. Bb3 Re8 17. a3 Rb8 18. Bd2 Bd4 19. Rad1 Nf6 20. e5 Nh7 21. Bc1
dxe5 22. fxe5 Be6 23. Bxe6 fxe6 24. Ne2 c5 25. c3 Rf8 26. Qe4 Rxf1+ 27. Rxf1
1-0

[Event "24. Aberto Xadrez Albariño"]
[Site "Cambados ESP"]
[Date "2008.08.01"]
[Round "1.12"]
[White "Fernandez Rey, Jorge"]
[Black "Milchev, Nikolay"]
[Result "0-1"]
[WhiteElo "1834"]
[BlackElo "2356"]
[PlyCount "54"]
[EventDate "2008.08.01"]
[EventType "swiss"]
[EventRounds "9"]
[EventCountry "ESP"]
[Source "lmi"]
[SourceDate "2008.08.01"]

1. e4 e5 2. Nf3 d6 3. d4 exd4 4. Nxd4 Nf6 5. Nc3 Be7 6. Bd3 O-O 7. Bg5 h6 8.
Bh4 c5 9. Nf5 Bxf5 10. exf5 d5 11. Qf3 Nc6 12. O-O c4 13. Be2 Nd4 14. Qf4 Ne4
15. Bxe7 Nxc3 16. Qe3 Ndxe2+ 17. Kh1 d4 18. Qe5 Re8 19. f6 gxf6 20. Bxd8 fxe5
21. Bh4 Nd5 22. g3 d3 23. c3 e4 24. b3 Ndxc3 25. bxc4 Rac8 26. f3 e3 27. Bf6 d2
0-1

[Event "24. Aberto Xadrez Albariño"]
[Site "Cambados ESP"]
[Date "2008.08.01"]
[Round "1.13"]
[White "Permuy Lorenzo, Carlos Javier"]
[Black "Outeiral Gonzalez, Ricardo"]
[Result "1-0"]
[WhiteElo "2335"]
[BlackElo "1792"]
[PlyCount "45"]
[EventDate "2008.08.01"]
[EventType "swiss"]
[EventRounds "9"]
[EventCountry "ESP"]
[Source "lmi"]
[SourceDate "2008.08.01"]

1. e4 e5 2. f4 Bc5 3. Nf3 d5 4. Nxe5 Nf6 5. d4 Bb6 6. exd5 Nxd5 7. Bc4 Be6 8.
O-O O-O 9. f5 Bc8 10. Kh1 Nf6 11. c3 c6 12. Bg5 Qd6 13. Qb3 Nd5 14. Bxd5 cxd5
15. f6 g6 16. Nd2 Nc6 17. Rae1 Bf5 18. Qd1 Bd8 19. g4 Be6 20. Ndf3 Bc7 21. Qd2
Kh8 22. Bf4 Kg8 23. Nxg6 1-0

[Event "24. Aberto Xadrez Albariño"]
[Site "Cambados ESP"]
[Date "2008.08.01"]
[Round "1.14"]
[White "Prol Lusquinos, Jose Manuel"]
[Black "Rodriguez Lopez, Rafael"]
[Result "0-1"]
[WhiteElo "1792"]
[BlackElo "2311"]
[PlyCount "60"]
[EventDate "2008.08.01"]
[EventType "swiss"]
[EventRounds "9"]
[EventCountry "ESP"]
[Source "lmi"]
[SourceDate "2008.08.01"]

1. e4 c5 2. Nf3 d6 3. d4 Nf6 4. Nc3 cxd4 5. Nxd4 a6 6. Be3 e6 7. g4 Qa5 8. Bg2
h5 9. h3 hxg4 10. hxg4 Rxh1+ 11. Bxh1 Nc6 12. Nb3 Qc7 13. g5 Nd7 14. f4 g6 15.
Qd2 b5 16. Qf2 Rb8 17. f5 Nce5 18. fxe6 fxe6 19. Bd4 b4 20. Ne2 Qxc2 21. Rc1
Nd3+ 22. Kf1 Qxc1+ 23. Nbxc1 Nxf2 24. Kxf2 Be7 25. Be3 Ne5 26. Kg3 Nc4 27. Bf2
Nxb2 28. Kh4 e5 29. Bf3 Be6 30. Ng3 Kf7 0-1

[Event "24. Aberto Xadrez Albariño"]
[Site "Cambados ESP"]
[Date "2008.08.01"]
[Round "1.15"]
[White "Patino Romaris, Juan Roberto"]
[Black "Iglesias Iglesias, Jose Manuel"]
[Result "1-0"]
[WhiteElo "2272"]
[BlackElo "1787"]
[PlyCount "87"]
[EventDate "2008.08.01"]
[EventType "swiss"]
[EventRounds "9"]
[EventCountry "ESP"]
[Source "lmi"]
[SourceDate "2008.08.01"]

1. d4 Nf6 2. c4 g6 3. Nc3 Bg7 4. e4 d6 5. Be2 O-O 6. Bg5 a5 7. h4 a4 8. a3 Nc6
9. d5 Na5 10. Qxa4 Bd7 11. Qc2 b6 12. Nf3 Re8 13. O-O e5 14. b4 Nb7 15. Nh2 Qc8
16. Rfc1 h6 17. Be3 Ng4 18. Nxg4 Bxg4 19. Qd1 Bd7 20. h5 g5 21. g4 Bf8 22. f3
f6 23. Bd3 Kg7 24. Bc2 Re7 25. Ba4 Rf7 26. Bxd7 Qxd7 27. Kg2 Be7 28. Qb3 Rff8
29. a4 Rfb8 30. Ra2 Ra6 31. Rca1 Raa8 32. Qc2 Qe8 33. Nd1 Qd7 34. Nf2 Qe8 35.
Nd3 Qd7 36. a5 bxa5 37. c5 dxc5 38. bxc5 c6 39. Nb4 Nd8 40. dxc6 Nxc6 41. Nxc6
Qxc6 42. Rxa5 Rxa5 43. Rxa5 Rc8 44. Qa4 1-0

[Event "24. Aberto Xadrez Albariño"]
[Site "Cambados ESP"]
[Date "2008.08.01"]
[Round "1.16"]
[White "Farto Orozco, David"]
[Black "Berbatov, Kiprian"]
[Result "0-1"]
[WhiteElo "1787"]
[BlackElo "2250"]
[PlyCount "82"]
[EventDate "2008.08.01"]
[EventType "swiss"]
[EventRounds "9"]
[EventCountry "ESP"]
[Source "lmi"]
[SourceDate "2008.08.01"]

1. b4 e5 2. Bb2 d6 3. e3 g6 4. Nf3 Bg7 5. c4 Nf6 6. Be2 O-O 7. O-O Ne8 8. d4 e4
9. Nfd2 Nf6 10. Nc3 Re8 11. d5 h5 12. Qc2 Bf5 13. Nb3 a6 14. Rfd1 Qc8 15. c5
Nbd7 16. a4 Ne5 17. Nd4 Bg4 18. Rac1 Nd3 19. Bxd3 Bxd1 20. Qxd1 exd3 21. cxd6
Qd7 22. dxc7 Rac8 23. Qxd3 Rxc7 24. e4 Nxe4 25. Nxe4 Rxc1+ 26. Bxc1 Qxd5 27. f3
Qxd4+ 28. Qxd4 Bxd4+ 29. Kf1 Rc8 30. Bd2 Rc6 31. Ke2 f5 32. Nf2 Rc2 33. Nd1 Ra2
34. Kd3 Kf7 35. a5 Ke6 36. Ne3 Bxe3 37. Kxe3 Kd5 38. h3 Kc4 39. g4 hxg4 40.
hxg4 fxg4 41. fxg4 Rxd2 0-1

[Event "24. Aberto Xadrez Albariño"]
[Site "Cambados ESP"]
[Date "2008.08.01"]
[Round "1.17"]
[White "Torrado Quintela, Julio"]
[Black "Bazal Bouzas, Xose Henrique"]
[Result "1-0"]
[WhiteElo "2245"]
[BlackElo "1757"]
[PlyCount "57"]
[EventDate "2008.08.01"]
[EventType "swiss"]
[EventRounds "9"]
[EventCountry "ESP"]
[Source "lmi"]
[SourceDate "2008.08.01"]

1. e4 d5 2. exd5 Qxd5 3. Nc3 Qa5 4. d4 Nf6 5. Nf3 Bg4 6. h3 Bxf3 7. Qxf3 c6 8.
Bd2 Nbd7 9. Bc4 e6 10. O-O Qd8 11. Rfe1 Be7 12. Rad1 O-O 13. Bb3 Re8 14. Bf4
Qa5 15. Ne4 Nxe4 16. Rxe4 Nf6 17. Re5 Qd8 18. c4 Bd6 19. Re3 Bxf4 20. Qxf4 a5
21. Bc2 Qb6 22. Rb3 Qa7 23. Qh4 e5 24. Rg3 Re6 25. dxe5 Ne8 26. Qxh7+ Kf8 27.
Qh8+ Ke7 28. Qh4+ Kf8 29. Rd7 1-0

[Event "24. Aberto Xadrez Albariño"]
[Site "Cambados ESP"]
[Date "2008.08.01"]
[Round "1.18"]
[White "Maneiro Blanco, Jose"]
[Black "Fernandez de Pablo, Miguel A"]
[Result "0-1"]
[WhiteElo "1695"]
[BlackElo "2232"]
[PlyCount "64"]
[EventDate "2008.08.01"]
[EventType "swiss"]
[EventRounds "9"]
[EventCountry "ESP"]
[Source "lmi"]
[SourceDate "2008.08.01"]

1. d4 Nf6 2. Nf3 g6 3. Bg5 Ne4 4. Bf4 Bg7 5. Nbd2 d5 6. g3 c5 7. c3 Qb6 8. Qb3
cxd4 9. Qxb6 axb6 10. cxd4 Nc6 11. e3 Nb4 12. Rc1 O-O 13. a3 Nc6 14. Nxe4 dxe4
15. Nd2 e5 16. dxe5 Be6 17. Bg2 Nxe5 18. Bxe4 f5 19. Bb1 Nf7 20. Bd3 Bxb2 21.
Rb1 Bc3 22. Rxb6 Bd5 23. Rf1 Rxa3 24. Ke2 Rd8 25. Rd1 Ra2 26. Bb1 Bc4+ 27. Kf3
Raxd2 28. Rc1 Ba5 29. Rf6 Bd5+ 30. e4 fxe4+ 31. Kg4 Rxf2 32. Bc7 Rxf6 0-1

[Event "24. Aberto Xadrez Albariño"]
[Site "Cambados ESP"]
[Date "2008.08.01"]
[Round "1.19"]
[White "Corona Garcia, Tomas"]
[Black "Diz Suarez, Carlos"]
[Result "1-0"]
[WhiteElo "2210"]
[BlackElo "1689"]
[PlyCount "87"]
[EventDate "2008.08.01"]
[EventType "swiss"]
[EventRounds "9"]
[EventCountry "ESP"]
[Source "lmi"]
[SourceDate "2008.08.01"]

1. e4 c5 2. Nc3 g6 3. f4 Bg7 4. Nf3 Nc6 5. Bb5 Nd4 6. O-O a6 7. Bd3 d6 8. Nxd4
Bxd4+ 9. Kh1 e6 10. Qe1 Ne7 11. f5 Nc6 12. f6 Nb4 13. Ne2 Nxd3 14. cxd3 Be5 15.
d4 cxd4 16. d3 Bd7 17. Bh6 Bb5 18. Bg7 Rg8 19. Qd2 h5 20. a4 Bc6 21. Nf4 Bxf4
22. Qxf4 Qd7 23. b3 O-O-O 24. Rfc1 Kb8 25. Qd2 e5 26. Qa5 Qc7 27. Qe1 Qd7 28.
Qa5 Qc7 29. Qb4 Qd7 30. Rc2 d5 31. Rac1 Rc8 32. Qe7 Qxe7 33. fxe7 dxe4 34.
Bxe5+ Ka8 35. dxe4 d3 36. Rd2 Bxe4 37. Rc7 Rge8 38. Rxc8+ Rxc8 39. Bc7 Bc6 40.
Bb6 Bxa4 41. bxa4 Rc1+ 42. Bg1 Re1 43. Rxd3 Rxe7 44. Rd8# 1-0

[Event "24. Aberto Xadrez Albariño"]
[Site "Cambados ESP"]
[Date "2008.08.01"]
[Round "1.20"]
[White "Bedoya Ramos, Hector Mario"]
[Black "Trigo Urquijo, Sergio"]
[Result "0-1"]
[WhiteElo "1683"]
[BlackElo "2200"]
[PlyCount "102"]
[EventDate "2008.08.01"]
[EventType "swiss"]
[EventRounds "9"]
[EventCountry "ESP"]
[Source "lmi"]
[SourceDate "2008.08.01"]

1. d4 d6 2. c4 e5 3. dxe5 dxe5 4. Qxd8+ Kxd8 5. Nc3 c6 6. Bd2 Be6 7. e3 Nd7 8.
Nf3 f6 9. Be2 Kc7 10. O-O a5 11. a3 a4 12. Ne4 h6 13. Rac1 Ne7 14. Bb4 Nc8 15.
Bxf8 Rxf8 16. Rfd1 Ra5 17. h3 Ncb6 18. Rd2 f5 19. c5 Nd5 20. Nc3 Rxc5 21. Nxd5+
Rxd5 22. Rdc2 Nb6 23. Kf1 g5 24. Nd2 Rfd8 25. Ke1 Bc8 26. b3 axb3 27. Nxb3 f4
28. Bf3 R5d6 29. exf4 exf4 30. Re2 Re6 31. Bg4 Rxe2+ 32. Kxe2 Nd5 33. Bxc8 Rxc8
34. Nd4 Ra8 35. Ne6+ Kc8 36. Kf3 Rxa3+ 37. Kg4 Ra2 38. Kf3 Rd2 39. Rc4 Nf6 40.
Nd4 Kd7 41. Nf5 h5 42. Rb4 b5 43. g3 g4+ 44. hxg4 hxg4+ 45. Kg2 f3+ 46. Kg1
Rd1+ 47. Kh2 Rf1 48. Rd4+ Kc7 49. Rd2 Ne4 50. Ne3 Nxd2 51. Nd5+ Kb7 0-1

[Event "24. Aberto Xadrez Albariño"]
[Site "Cambados ESP"]
[Date "2008.08.01"]
[Round "1.21"]
[White "Stanoev, Atanas"]
[Black "Abal Cores, Lucas"]
[Result "1-0"]
[WhiteElo "2198"]
[BlackElo "1566"]
[PlyCount "55"]
[EventDate "2008.08.01"]
[EventType "swiss"]
[EventRounds "9"]
[EventCountry "ESP"]
[Source "lmi"]
[SourceDate "2008.08.01"]

1. e4 e5 2. Nf3 Nc6 3. Bb5 Bc5 4. O-O Nge7 5. c3 a6 6. Ba4 O-O 7. d4 exd4 8.
cxd4 Bb6 9. d5 Na7 10. d6 cxd6 11. Nc3 Bc7 12. Bg5 f6 13. Bf4 Nac6 14. Bxd6
Bxd6 15. Qxd6 Kh8 16. Rfd1 Re8 17. Rd2 Ng6 18. Rad1 Qe7 19. Qd3 Nge5 20. Nxe5
Nxe5 21. Qe2 Rd8 22. Nd5 Qc5 23. b4 Qc4 24. Qe3 d6 25. Rc2 Ng4 26. Qf4 g5 27.
Qf3 Qf1+ 28. Rxf1 1-0

[Event "24. Aberto Xadrez Albariño"]
[Site "Cambados ESP"]
[Date "2008.08.01"]
[Round "1.25"]
[White "Orlovska, Madara"]
[Black "Rodriguez Dominguez, Ramon"]
[Result "1-0"]
[WhiteElo "2021"]
[BlackElo "1706"]
[PlyCount "71"]
[EventDate "2008.08.01"]
[EventType "swiss"]
[EventRounds "9"]
[EventCountry "ESP"]
[Source "lmi"]
[SourceDate "2008.08.01"]

1. e4 e5 2. Nf3 Nf6 3. Nxe5 d6 4. Nf3 Bg4 5. Nc3 Be7 6. Be2 O-O 7. O-O Nbd7 8.
h3 Bh5 9. d3 c6 10. Nh2 Bg6 11. f4 Qb6+ 12. Kh1 h6 13. Ng4 Nxg4 14. Bxg4 f5 15.
exf5 Bxf5 16. Ne4 d5 17. Ng3 Bxg4 18. Qxg4 Nf6 19. Qg6 Nh7 20. Nf5 Rxf5 21.
Qxf5 c5 22. Bd2 Qc6 23. Rae1 Rf8 24. Qe6+ Qxe6 25. Rxe6 Kf7 26. Re2 Nf6 27.
Rfe1 Bd6 28. Re6 Rd8 29. f5 Nh5 30. g4 Nf4 31. Bxf4 Bxf4 32. Re7+ Kf8 33. Rxb7
a5 34. Ree7 c4 35. Rf7+ Kg8 36. Rxg7+ 1-0

[Event "24. Aberto Xadrez Albariño"]
[Site "Cambados ESP"]
[Date "2008.08.02"]
[Round "2.1"]
[White "Trigo Urquijo, Sergio"]
[Black "Ivanov, Jordan"]
[Result "0-1"]
[WhiteElo "2200"]
[BlackElo "2421"]
[PlyCount "94"]
[EventDate "2008.08.01"]
[EventType "swiss"]
[EventRounds "9"]
[EventCountry "ESP"]
[Source "lmi"]
[SourceDate "2008.08.01"]

1. e4 c5 2. Nf3 e6 3. d4 cxd4 4. Nxd4 Nc6 5. Nc3 Qc7 6. Be3 a6 7. Qd2 Nf6 8. f3
b5 9. O-O-O Bb7 10. g4 d6 11. Kb1 Nd7 12. Ncxb5 axb5 13. Nxb5 Qb8 14. Nxd6+
Qxd6 15. Qxd6 Bxd6 16. Rxd6 Ke7 17. Rd2 Rhc8 18. Be2 Ba6 19. c4 e5 20. Rhd1 Nf8
21. Bc5+ Ke8 22. b4 Ne6 23. Bd6 Ncd4 24. b5 Bb7 25. Bxe5 Nxe2 26. Rxe2 Rxc4 27.
Rd6 Bc8 28. h4 Ra3 29. f4 f6 30. f5 fxe5 31. fxe6 Ke7 32. Rb6 Rb4+ 33. Rb2 Raa4
34. g5 Rxb2+ 35. Kxb2 Rxe4 36. Rb8 Bxe6 37. b6 Rxh4 38. a3 Rh2+ 39. Kc3 Rh3+
40. Kb4 Rb3+ 41. Kc5 Rxa3 42. b7 Rb3 43. Kc6 Bh3 44. Kd5 Bg2+ 45. Kxe5 Rxb7 46.
Rh8 Rb5+ 47. Kf4 Rb4+ 0-1

[Event "24. Aberto Xadrez Albariño"]
[Site "Cambados ESP"]
[Date "2008.08.02"]
[Round "2.2"]
[White "Ramiro Ovejero, Juan Luis"]
[Black "Stanoev, Atanas"]
[Result "1/2-1/2"]
[WhiteElo "2370"]
[BlackElo "2198"]
[PlyCount "67"]
[EventDate "2008.08.01"]
[EventType "swiss"]
[EventRounds "9"]
[EventCountry "ESP"]
[Source "lmi"]
[SourceDate "2008.08.01"]

1. e4 c5 2. Nf3 d6 3. Bb5+ Nd7 4. O-O a6 5. Bxd7+ Bxd7 6. d4 cxd4 7. Qxd4 Bg4
8. Nfd2 Nf6 9. Nc3 Be6 10. f4 g6 11. f5 Bd7 12. Nc4 Bg7 13. Be3 O-O 14. Qd3 Ng4
15. Bd4 b5 16. Bxg7 Kxg7 17. Qd4+ Kg8 18. Nb6 Rb8 19. Nxd7 Qxd7 20. Rf4 Nf6 21.
Raf1 Qc6 22. e5 dxe5 23. Qxe5 b4 24. Ne2 Rb5 25. Qe3 Qxc2 26. fxg6 hxg6 27. Nd4
Qc5 28. Rh4 Nh5 29. Rf5 Qb6 30. Rxb5 axb5 31. Nf5 Qxe3+ 32. Nxe3 Ra8 33. Rxb4
Rxa2 34. Rxb5 1/2-1/2

[Event "24. Aberto Xadrez Albariño"]
[Site "Cambados ESP"]
[Date "2008.08.02"]
[Round "2.3"]
[White "Sanchez Quiroga, Miguel Angel"]
[Black "Astaneh Lopez, Alex"]
[Result "1/2-1/2"]
[WhiteElo "2183"]
[BlackElo "2357"]
[PlyCount "93"]
[EventDate "2008.08.01"]
[EventType "swiss"]
[EventRounds "9"]
[EventCountry "ESP"]
[Source "lmi"]
[SourceDate "2008.08.01"]

1. e4 c5 2. Nf3 Nc6 3. d4 cxd4 4. Nxd4 e6 5. Nxc6 bxc6 6. c4 Nf6 7. Nc3 Qc7 8.
Bd3 Bc5 9. O-O h5 10. Qf3 Ng4 11. Bf4 e5 12. Bg5 d6 13. h3 f6 14. Bd2 Qf7 15.
Na4 Bd4 16. Bc3 Bxc3 17. Nxc3 Nh6 18. Qe3 O-O 19. c5 d5 20. exd5 cxd5 21. Nxd5
Be6 22. Nc3 Rab8 23. b3 Nf5 24. Bxf5 Bxf5 25. Ne4 Bd7 26. Nd6 Qe6 27. Qf3 Rb4
28. Qxh5 Bc6 29. Rad1 Rf4 30. Rfe1 Rb8 31. Re3 a5 32. Rg3 a4 33. Qh6 Qe7 34.
Nc4 Be4 35. Nb6 Rb7 36. Qh5 axb3 37. axb3 Rf5 38. Qg4 Rf4 39. Qc8+ Kh7 40. Rd8
g5 41. Rh8+ Kg6 42. Re8 Qf7 43. Rf8 Qe7 44. Rg8+ Kh6 45. Re8 Qf7 46. Rf8 Qg7
47. Rg8 1/2-1/2